书目信息 |
| 题名: |
开创订单经济新模式
|
|
| 作者: | 张其金 编著 | |
| 分册: | ||
| 出版信息: | 北京 中国商业出版社 2017 |
|
| 页数: | 338页 | |
| 开本: | 24cm | |
| 丛书名: | ||
| 单 册: | ||
| 中图分类: | F713.50 | |
| 科图分类: | ||
| 主题词: | 市场营销学 | |
| 电子资源: | ||
| ISBN: | 978-7-5044-9630-0 | |
| 000 | 00787nam0 2200229 450 | |
| 001 | 012001001446 | |
| 005 | 20140921103355.0 | |
| 010 | @a978-7-5044-9630-0@dCNY68.80 | |
| 100 | @a20171222d2017 em y0chiy50 ea | |
| 101 | 0 | @achi |
| 102 | @aCN@b110000 | |
| 105 | @ay z 000yy | |
| 106 | @ar | |
| 200 | 1 | @a开创订单经济新模式@9kai chuang ding dan jing ji xin mo shi@f张其金编著 |
| 210 | @a北京@c中国商业出版社@d2017 | |
| 215 | @a338页@d24cm | |
| 330 | @a本书分为新经济的崛起、供给侧新模式、订单经济也需要创新、订单经济与共享经济四部分。主要内容包括:新经济成长的烦恼;新经济时代的订单经济、订单经济下的消费模式等。 | |
| 606 | 0 | @a市场营销学 |
| 690 | @aF713.50@v5 | |
| 701 | 0 | @a张其金@9zhang qi jin@4编著 |
| 801 | 0 | @aCN@b上海新华@c20180901 |
| 905 | @b1156425-9@dF713.50@e1040@f5 | |
| 开创订单经济新模式/张其金编著.-北京:中国商业出版社,2017 |
| 338页;24cm |
| ISBN 978-7-5044-9630-0:CNY68.80 |
| 本书分为新经济的崛起、供给侧新模式、订单经济也需要创新、订单经济与共享经济四部分。主要内容包括:新经济成长的烦恼;新经济时代的订单经济、订单经济下的消费模式等。 |
| ● |
| 相关链接 |
|
|
|
|
正题名:开创订单经济新模式
索取号:F713.50/1040
 
预约/预借
| 序号 | 登录号 | 条形码 | 馆藏地/架位号 | 状态 | 备注 |
| 1 | 1156425 | 211564252 | 第一样本阅览室/ [索取号:F713.50/1040] | 在馆 | |
| 2 | 1156426 | 211564261 | 第一借阅区/ [索取号:F713.50/1040] | 在馆 | |
| 3 | 1156427 | 211564270 | 第一借阅区/ [索取号:F713.50/1040] | 在馆 | |
| 4 | 1156428 | 211564289 | 密集书库-海洋学院/ [索取号:F713.50/1040] | 在馆 | |
| 5 | 1156429 | 211564298 | 第一借阅区/ [索取号:F713.50/1040] | 在馆 |